|
|
|
|
| LEADER |
00935nab a2200205 i 4500 |
| 001 |
publ24345 |
| 005 |
20220513110355.0 |
| 008 |
220513s2012 hu o 0|| Magyar d |
| 022 |
|
|
|a 0030-6002
|
| 024 |
7 |
|
|a 10.1556/oh.2012.29286
|2 doi
|
| 024 |
7 |
|
|a 1887101
|2 mtmt
|
| 040 |
|
|
|a SZTE Publicatio Repozitórium
|b hun
|
| 041 |
|
|
|a Magyar
|
| 100 |
1 |
|
|a Kereszty Éva Margit
|
| 245 |
1 |
0 |
|a Csapdahelyzetek a klinikai orvosok számára a kórházi halálmegállapításban és halottkezelésben [Traps in detection and post-mortem administration of death in the everyday practice of a clinician]
|h [elektronikus dokumentum] /
|c Kereszty Éva Margit
|
| 260 |
|
|
|c 2012
|
| 300 |
|
|
|a 184-190
|
| 490 |
0 |
|
|a ORVOSI HETILAP
|v 153 No. 5
|
| 650 |
|
4 |
|a Egyéb orvostudományok
|
| 856 |
4 |
0 |
|u http://publicatio.bibl.u-szeged.hu/24345/1/17886120-OrvosiHetilapTrapsindetectionandpost-mortemadministrationofdeathintheeverydaypracticeofaclinician.pdf
|z Dokumentum-elérés
|